000 00313nam a22001337a 4500
008 170602b xxu||||| |||| 00| 0 eng d
020 _a9780307263629
041 _aeng
080 _a93
100 _a17
101 _aSHH
245 _aTHE SECRET LIFE OF THE NATURAL HISTORY MUSEUM
_cFORTEX, R
942 _2udc
_cBK
999 _c15593
_d15593